Viajes con una burra / (Record no. 17397)

MARC details
000 -LEADER
campo de control de longitud fija 00685nam a2200229 i 4500
001 - NÚMERO DE CONTROL
campo de control 17397
003 - IDENTIFICADOR DE NÚMERO DE CONTROL
campo de control ES-MaACL
005 - FECHA Y HORA DE LA ÚLTIMA TRANSACCIÓN
campo de control 20240516063022.0
007 - CAMPO FIJO DE DESCRIPCIÓN FÍSICA--INFORMACIÓN GENERAL
campo de control de longitud fija t|
008 - DATOS DE LONGITUD FIJA--INFORMACIÓN GENERAL
campo de control de longitud fija 010301s1998 sp ||||1| spa d
020 ## - NÚMERO INTERNACIONAL ESTÁNDAR DEL LIBRO
Número Internacional Estándar del Libro 84-86478-77-4
080 ## - NÚMERO DE LA CLASIFICACIÓN DECIMAL UNIVERSAL
Número de la Clasificación Decimal Universal 821.111-31"18"
100 0# - ENTRADA PRINCIPAL--NOMBRE DE PERSONA
Nombre de persona Stevenson, Robert Louis,
Fechas asociadas al nombre 1850-1894
9 (RLIN) 108169
245 10 - MENCIÓN DEL TÍTULO
Título Viajes con una burra /
Mención de responsabilidad, etc. Robert Louis Stevenson ; [traducción: Alejandro Pareja].
260 ## - PUBLICACIÓN, DISTRIBUCIÓN, ETC.
Lugar de publicación, distribución, etc. Madrid :
Nombre del editor, distribuidor, etc. Maeva,
Fecha de publicación, distribución, etc. [1998]
300 ## - DESCRIPCIÓN FÍSICA
Extensión 210 p. ;
Dimensiones 20 cm.
490 1# - MENCIÓN DE SERIE
Mención de serie Andar y ver
700 1# - ENTRADA AGREGADA--NOMBRE PERSONAL
Nombre de persona Pareja, Alejandro.
9 (RLIN) 89058
830 0# - PUNTO DE ACCESO ADICIONAL DE SERIE-TÍTULO UNIFORME
Título uniforme Andar y ver
9 (RLIN) 179945
852 ## - LOCALIZACIÓN
Ubicación ES-MaACL
Número de control de estantería L-24415
Sublocalización o colección R.129550
Holdings
Estatus retirado Estado de pérdida Estado de daño No para préstamo Biblioteca de origen Biblioteca actual Ubicación en estantería Fecha de adquisición Fuente de adquisición Total de préstamos Signatura topográfica completa Código de barras Visto por última vez Precio de reemplazo Tipo de ítem Koha
        Biblioteca del Ateneo de Madrid Biblioteca del Ateneo de Madrid Depósito 2 17/01/2008     L-24415 1017750 23/02/2023 23/02/2023 Libro impreso